[Event "72nd MNE-ch 2020"]
[Site "Podgorica"]
[Date "2020.09.13"]
[Round "5"]
[White "Kandic, Milojko"]
[Black "Lazarevic, Zoran V"]
[Result "1-0"]
[WhiteElo "1961"]
[BlackElo "2132"]
[PlyCount "86"]
[EventDate "2020.09.11"]
[EventType "swiss"]
[EventRounds "9"]
[EventCountry "MNE"]
[TimeControl "5400+30"]

1. e4 c5 2. Nf3 d6 3. c3 Nf6 4. Bc4 e6 5. d3 Be7 6. Nbd2 O-O 7. Bb3 b6 8. O-O Bb7 9. Re1 Qc7 10. Nf1 Nbd7 11. Ng3 Rfe8 12. Bf4 Nf8 13. Rc1 Ng6 14. Bg5 h6 15. Bd2 Rac8 16. d4 cxd4 17. cxd4 Qb8 18. h4 Qa8 19. h5 Nf8 20. Bc2 Rc6 21. Bc3 Rec8 22. Qd2 b5 23. a4 a6 24. axb5 axb5 25. Ra1 Qb8 26. Bd3 Ba6 27. Bb4 Qb7 28. Ra3 N6d7 29. Rea1 Nb8 30. d5 R6c7 31. e5 Rd7 32. dxe6 fxe6 33. exd6 Bd8 34. Ne5 Qd5 35. Nxd7 Bb7 36. Be4 Qxd2 37. Bxd2 Bxe4 38. Nxf8 Bd5 39. Ng6 Rc2 40. Bc3 Bb6 41. Ne7+ Kf7 42. Nxd5 Bxf2+ 43. Kh2 exd5 1-0

[Event "72nd MNE-ch 2020"]
[Site "Podgorica"]
[Date "2020.09.13"]
[Round "5"]
[White "Petrusic, Goran"]
[Black "Krstonijevic, Stjepan"]
[Result "1/2-1/2"]
[WhiteElo "1935"]
[BlackElo "2098"]
[PlyCount "46"]
[EventDate "2020.09.11"]
[EventType "swiss"]
[EventRounds "9"]
[EventCountry "MNE"]
[TimeControl "5400+30"]

1. e4 c5 2. Nc3 e6 3. g3 Nc6 4. Bg2 g6 5. d3 Bg7 6. Nge2 Nge7 7. Be3 Nd4 8. Qd2 h5 9. h4 Nec6 10. Nd1 Nxe2 11. Qxe2 b6 12. c3 Ba6 13. f4 Qc7 14. Nf2 O-O-O 15. O-O d5 16. e5 d4 17. Bd2 dxc3 18. bxc3 Rd7 19. Rfd1 Rhd8 20. Be1 Bf8 21. Kh2 Be7 22. Be4 Na5 23. a4 Rg8 1/2-1/2

[Event "72nd MNE-ch 2020"]
[Site "Podgorica"]
[Date "2020.09.13"]
[Round "5"]
[White "Petrovic, Slavko"]
[Black "Popovic, Mateja"]
[Result "1/2-1/2"]
[WhiteElo "1909"]
[BlackElo "1550"]
[PlyCount "82"]
[EventDate "2020.09.11"]
[EventType "swiss"]
[EventRounds "9"]
[EventCountry "MNE"]
[TimeControl "5400+30"]

1. e4 e5 2. Nf3 Nf6 3. Nc3 Bb4 4. d3 Nc6 5. Be2 d5 6. exd5 Nxd5 7. Bd2 Nxc3 8. bxc3 Bd6 9. Bg5 f6 10. Be3 O-O 11. Nd2 b6 12. f3 Ne7 13. c4 Nf5 14. Bf2 Qe7 15. c3 Bc5 16. Bxc5 Qxc5 17. Ne4 Qa5 18. Qd2 Bb7 19. O-O Bxe4 20. fxe4 Qc5+ 21. Rf2 Nd6 22. Re1 Rad8 23. Qc1 Nf7 24. Bf1 Ng5 25. Qe3 Qxe3 26. Rxe3 f5 27. g3 g6 28. h4 Ne6 29. Ref3 Kg7 30. a4 Rd6 31. Bh3 Nd8 32. Kf1 Nc6 33. Ke2 Na5 34. Re3 Rfd8 35. Rf1 h6 36. g4 g5 37. Rh1 Rh8 38. Bg2 Nc6 39. Kd2 Na5 40. Kc2 Nc6 41. Reh3 Rdd8 1/2-1/2

[Event "72nd MNE-ch 2020"]
[Site "Podgorica"]
[Date "2020.09.13"]
[Round "5"]
[White "Kalezic, Bojan"]
[Black "Vujovic, Savo"]
[Result "0-1"]
[WhiteElo "1855"]
[BlackElo "2082"]
[PlyCount "126"]
[EventDate "2020.09.11"]
[EventType "swiss"]
[EventRounds "9"]
[EventCountry "MNE"]
[TimeControl "5400+30"]

1. Nf3 Nf6 2. g3 e6 3. Bg2 d5 4. O-O Be7 5. d3 O-O 6. Nbd2 c5 7. e4 Nc6 8. Re1 Rb8 9. e5 Nd7 10. Nf1 b5 11. h4 b4 12. Bf4 Nb6 13. h5 Na4 14. h6 g6 15. Rb1 Ba6 16. Ne3 Nb6 17. Ng4 c4 18. d4 b3 19. axb3 cxb3 20. c3 Nc4 21. Qc1 Nb6 22. Qd2 Bb5 23. Bg5 Nd7 24. Qf4 a5 25. Bh3 Bd3 26. Ra1 Bxg5 27. Nxg5 Bf5 28. Nf6+ Nxf6 29. exf6 Bxh3 30. Nxh3 Na7 31. Ng5 Nb5 32. Rxe6 a4 33. Ra6 a3 34. R1xa3 Nxa3 35. Rxa3 Qd7 36. g4 Qc6 37. Nf3 Qe6 38. Ne5 Rb6 39. Ra7 Ra6 40. Rb7 Ra1+ 41. Kh2 Qa6 42. Rxf7 Rxf7 43. Nxf7 Kxf7 44. Qc7+ Kxf6 45. Qd8+ Ke6 46. Qe8+ Kd6 47. Qe5+ Kd7 48. Qg7+ Kc6 49. Qe7 Qb7 50. Qc5+ Kd7 51. Qf8 Kc6 52. c4 Qc7+ 53. Kg2 dxc4 54. Qc5+ Kb7 55. Qb5+ Ka7 56. d5 Ra5 57. Qe8 Rxd5 58. Qe3+ Qc5 59. Qe8 Qc7 60. Qe3+ Rc5 61. f3 c3 62. bxc3 b2 63. Qd3 Qb7 0-1

[Event "72nd MNE-ch 2020"]
[Site "Podgorica"]
[Date "2020.09.13"]
[Round "5"]
[White "Cadjenovic, Dragan"]
[Black "Lakusic, Zoran"]
[Result "1-0"]
[WhiteElo "1841"]
[BlackElo "1711"]
[PlyCount "112"]
[EventDate "2020.09.11"]
[EventType "swiss"]
[EventRounds "9"]
[EventCountry "MNE"]
[TimeControl "5400+30"]

1. e4 e5 2. Nf3 d6 3. d4 exd4 4. Nxd4 Nf6 5. Nc3 Be7 6. Be3 Bg4 7. f3 Bh5 8. Nf5 Bg6 9. Nxg7+ Kd7 10. Bd3 c6 11. Qd2 Kc7 12. O-O-O Nbd7 13. g4 Ne5 14. Be2 Qf8 15. Bh6 Qd8 16. Bf4 h5 17. h3 Nfd7 18. Nf5 Bxf5 19. exf5 f6 20. Qd4 b6 21. Rhf1 Kb7 22. Qe4 Nc5 23. Qd4 Ncd7 24. Qa4 Nc5 25. Qd4 Ncd7 26. Kb1 Rc8 27. Be3 hxg4 28. hxg4 d5 29. b4 Rh2 30. Rd2 Qf8 31. a3 a5 32. Na2 axb4 33. axb4 Kc7 34. Bf4 Rh8 35. c3 Bd6 36. Rc2 b5 37. Qa7+ Kd8 38. Nc1 Bxb4 39. Bxe5 fxe5 40. cxb4 Qxb4+ 41. Rb2 Qd6 42. Qa5+ Ke7 43. Qd2 Kd8 44. Nb3 Nb6 45. Qa5 Qc7 46. Nc5 Ke7 47. Qd2 Rcg8 48. Qb4 Kf6 49. Ne6 Qd7 50. Bd3 e4 51. Qd4+ Kf7 52. fxe4 Rxg4 53. Qxb6 dxe4 54. Bc2 Rc8 55. Rd1 Qe7 56. Bb3 Kf6 1-0

[Event "72nd MNE-ch 2020"]
[Site "Podgorica"]
[Date "2020.09.13"]
[Round "5"]
[White "Sabotic, Denis"]
[Black "Skenderovic, Ismet"]
[Result "0-1"]
[WhiteElo "1708"]
[BlackElo "1913"]
[PlyCount "89"]
[EventDate "2020.09.11"]
[EventType "swiss"]
[EventRounds "9"]
[EventCountry "MNE"]
[TimeControl "5400+30"]

1. e4 d6 2. h3 Nd7 3. d4 c5 4. Nf3 Qc7 5. Nc3 a6 6. a4 e6 7. d5 e5 8. Bg5 Be7 9. Bxe7 Nxe7 10. Nh2 O-O 11. Bd3 Ng6 12. O-O Nf4 13. b3 Qd8 14. Ne2 Qg5 15. Nxf4 exf4 16. Qg4 Qf6 17. Qe2 Ne5 18. Ng4 Bxg4 19. hxg4 f3 20. gxf3 Nxf3+ 21. Kg2 Nh4+ 22. Kg3 Ng6 23. f4 Nxf4 24. Qd2 g5 25. Rh1 Qe5 26. Kf3 Ng6 27. Raf1 Kg7 28. Ke2 Nf4+ 29. Kf3 Rh8 30. c3 Rae8 31. Rb1 Nxd3 32. Qxd3 Qf4+ 33. Ke2 Rxe4+ 34. Kd1 Qxg4+ 35. Kc1 Qg2 36. Rd1 Rhe8 37. Rd2 Re2 38. Rbb2 Re1+ 39. Rd1 Qe4 40. Qg3 Qe3+ 41. Qxe3 R8xe3 42. Rxe1 Rxe1+ 43. Kd2 Re5 44. c4 a5 45. Kd3 0-1

[Event "72nd MNE-ch 2020"]
[Site "Podgorica"]
[Date "2020.09.14"]
[Round "6"]
[White "Djukic, Nikola"]
[Black "Milovic, Jovan"]
[Result "0-1"]
[WhiteElo "2525"]
[BlackElo "2276"]
[Annotator "TA"]
[PlyCount "112"]
[EventDate "2020.09.11"]
[EventType "swiss"]
[EventRounds "9"]
[EventCountry "MNE"]

{[%evp 9,112,17,20,10,25,14,15,16,8,3,6,4,14,10,13,0,0,0,0,0,0,-27,0,0,0,0,9,10,24,22,88,35,43,30,34,30,28,29,39,27,30,23,17,19,24,27,39,45,49,29,21,0,0,0,0,0,0,0,0,0,0,0,11,10,37,6,8,6,8,8,8,8,8,0,0,0,0,0,0,0,0,0,0,0,0,0,0,0,0,-8,-8,-45,-54,-40,-51,-61,-12,-12,-12,-60,-60,-90,-85,-29998,-29999]} 1. e4 d5 2. exd5 Nf6 3. Nf3 Qxd5 4. Nc3 Qh5 5. d4 Bg4 $1 6. Bf4 {B01: Scandinavian Defence.} Bxf3 7. Qxf3 Qxf3 8. gxf3 {The position is equal.} c6 $1 9. O-O-O e6 10. Ne4 Nbd7 11. c4 {[#]} Nh5 $146 ({Predecessor:} 11... Be7 12. Rg1 O-O 13. Bd3 Kh8 14. Rg2 Rad8 15. Kc2 Nh5 16. Be3 Ndf6 17. Rdg1 Rd7 {1-0 (39) Apicella,M (2465)-Ferreira,A (2320) Asiago 1994}) 12. Bc7 Be7 13. Nd6+ Bxd6 14. Bxd6 Nb6 15. Rg1 O-O-O 16. Be7 Rd7 17. Bg5 h6 18. Be3 Rhd8 19. b3 f5 (19... Kb8 $11) 20. f4 (20. Re1 $16) 20... c5 $1 $14 {[%cal Rc5d4]} 21. Be2 cxd4 22. Bxh5 dxe3 23. fxe3 Re7 24. Rxd8+ Kxd8 {[%mdl 4096] Endgame KRB-KRN} 25. Bf3 Kc7 26. Kd2 e5 27. Bh5 exf4 28. exf4 Nc8 29. c5 b6 30. Bg6 bxc5 31. Bxf5 Nd6 32. Bg4 Re4 33. Be2 Nf5 34. Rg4 Rd4+ 35. Kc3 Kd6 36. Rg6+ Ke7 37. Bd3 Ne3 38. Rxg7+ Kf8 39. Rg3 ({But not} 39. Rxa7 Nd5+ 40. Kc2 (40. Kd2 Nxf4 41. Kc3 Nd5+ 42. Kc2 Nb4+ {[%mdl 64] Double Attack} 43. Kc3 Nxd3 $17) 40... Nb4+ 41. Kc3 Nxd3 $15) 39... Nd5+ {[%mdl 64] [#] Double Attack} 40. Kb2 Rxf4 41. Rg2 Ke7 42. Rg7+ Kd6 43. Rxa7 Rf2+ 44. Kc1 Nb4 45. Bb1 Rxh2 46. a4 Nc6 47. Rb7 h5 48. Be4 {Hoping for Rb6.} Nb4 {Threatens to win with ...Na2+.} 49. Kd1 Ke5 50. Bf3 h4 51. a5 Ra2 {White must now prevent ...h3.} 52. Rh7 Kf4 53. Bb7 Ke3 {[%cal Ra2a1]} 54. Re7+ Kd3 {[%cal Ra2a1]} 55. Rd7+ Kc3 56. Rh7 $2 {[%mdl 8192] [#]} (56. Be4 $17) 56... Nd3 {Accuracy: White = 79%, Black = 92%.} 0-1

[Event "72nd MNE-ch 2020"]
[Site "Podgorica"]
[Date "2020.09.14"]
[Round "6"]
[White "Draskovic, Luka"]
[Black "Kalezic, Blazo"]
[Result "1/2-1/2"]
[WhiteElo "2472"]
[BlackElo "2448"]
[PlyCount "67"]
[EventDate "2020.09.11"]
[EventType "swiss"]
[EventRounds "9"]
[EventCountry "MNE"]
[TimeControl "5400+30"]

1. c4 e5 2. Nc3 Bb4 3. g3 Nf6 4. Bg2 O-O 5. e4 d6 6. Nge2 Bxc3 7. Nxc3 Nc6 8. O-O Nd4 9. d3 c5 10. Bg5 h6 11. Be3 Bd7 12. f4 Ng4 13. Bxd4 cxd4 14. Nd5 Rb8 15. h3 Ne3 16. Nxe3 dxe3 17. Qe2 exf4 18. Rxf4 b5 19. b3 Qb6 20. Rf3 bxc4 21. dxc4 a5 22. Qxe3 Qc7 23. Rd1 Be6 24. Qf4 Rb6 25. Rfd3 a4 26. Kh2 axb3 27. axb3 Rfb8 28. Qe3 Kh7 29. R1d2 Qc5 30. Qf3 g5 31. Re3 Qe5 32. Rdd3 Kg7 33. Qf2 Ra6 34. Re2 1/2-1/2

[Event "72nd MNE-ch 2020"]
[Site "Podgorica"]
[Date "2020.09.14"]
[Round "6"]
[White "Nikcevic, Nebojsa"]
[Black "Tomic, Aleksandar"]
[Result "1-0"]
[WhiteElo "2413"]
[BlackElo "2373"]
[PlyCount "119"]
[EventDate "2020.09.11"]
[EventType "swiss"]
[EventRounds "9"]
[EventCountry "MNE"]
[TimeControl "5400+30"]

1. d4 Nf6 2. Nf3 e6 3. c4 c5 4. d5 exd5 5. cxd5 d6 6. e4 a6 7. Bd3 Bg4 8. Nbd2 g6 9. a4 Nbd7 10. O-O Ne5 11. Be2 Bxf3 12. Bxf3 Bg7 13. Be2 O-O 14. a5 Qe7 15. Re1 Ne8 16. Bf1 Nc7 17. Qa4 Rab8 18. f4 Nd7 19. Nf3 b5 20. Qc2 c4 21. Be3 Rbe8 22. Bb6 Na8 23. Bd4 Bxd4+ 24. Nxd4 Qf6 25. Qf2 Nc5 26. e5 dxe5 27. fxe5 Qxf2+ 28. Kxf2 Nc7 29. d6 N7e6 30. Nc6 Kg7 31. Rad1 Nd7 32. g3 Nec5 33. Bh3 f5 34. Re3 Re6 35. Rd5 Rfe8 36. g4 f4 37. Re2 g5 38. Bg2 Nd3+ 39. Kf1 Rc8 40. Ne7 Rf8 41. Nf5+ Kh8 42. Nd4 Rxe5 43. Rexe5 N3xe5 44. Be4 Rf6 45. Bf5 h6 46. Ne6 Nf7 47. Nc7 Nb8 48. d7 Nd8 49. Re5 Nbc6 50. Re8+ Kg7 51. Nxa6 Rd6 52. Nc5 Kf7 53. a6 Rd1+ 54. Ke2 Ra1 55. Nb7 Nd4+ 56. Kf2 N8c6 57. Nd8+ Nxd8 58. Rxd8 Nc6 59. Rc8 Rd1 60. Rxc6 1-0

[Event "72nd MNE-ch 2020"]
[Site "Podgorica"]
[Date "2020.09.14"]
[Round "6"]
[White "Pecurica, Milos"]
[Black "Musovic, Armin"]
[Result "1/2-1/2"]
[WhiteElo "2359"]
[BlackElo "2207"]
[Annotator "RC"]
[PlyCount "100"]
[EventDate "2020.09.11"]
[EventType "swiss"]
[EventRounds "9"]
[EventCountry "MNE"]
[TimeControl "5400+30"]

1. c4 c5 2. Nc3 Nc6 3. g3 g6 4. Bg2 Bg7 5. a3 Nf6 6. e4 O-O 7. Nge2 d6 8. O-O Bd7 9. Rb1 Qc8 10. b4 Bh3 11. d3 Bxg2 12. Kxg2 b6 13. h3 e6 14. Bg5 h6 15. Be3 Rd8 16. Qb3 d5 17. cxd5 exd5 18. Nxd5 Nxd5 19. exd5 Ne7 20. bxc5 Nxd5 21. d4 Qe6 22. cxb6 axb6 23. Kh2 Bf8 24. Nf4 Nxf4 25. Bxf4 Qxb3 26. Rxb3 Rxd4 27. Rxb6 Rxa3 28. Rb8 Rxf4 29. gxf4 Rf3 30. Rd1 Kg7 31. Rd4 Rxf2+ 32. Kg3 Re2 33. Kf3 Rh2 34. Rb7 Rxh3+ 35. Kg4 Re3 36. Rdd7 Kg8 37. Rxf7 Re6 38. f5 Re4+ 39. Kf3 gxf5 40. Rxf5 Re7 41. Rb8 Rf7 42. Kg4 Rxf5 43. Kxf5 Kf7 44. Rb7+ Be7 45. Rb6 Bg5 46. Ra6 Ke7 47. Ke5 Kd7 48. Kd5 Kc7 49. Rc6+ Kd7 50. Rxh6 Bxh6 1/2-1/2

[Event "72nd MNE-ch 2020"]
[Site "Podgorica"]
[Date "2020.09.14"]
[Round "6"]
[White "Podlesnik, Bogdan"]
[Black "Bujisic, Vlastimir"]
[Result "1/2-1/2"]
[WhiteElo "2354"]
[BlackElo "2191"]
[Annotator "TA"]
[PlyCount "126"]
[EventDate "2020.09.11"]
[EventType "swiss"]
[EventRounds "9"]
[EventCountry "MNE"]

{[%evp 10,126,49,34,36,27,33,19,31,31,30,31,40,22,35,0,20,-10,68,36,98,85,125,87,110,116,126,127,130,120,199,187,177,150,150,114,141,133,135,112,219,212,219,203,306,322,305,307,298,192,195,189,220,204,322,321,311,292,285,267,321,329,311,263,289,288,294,299,298,292,291,287,299,246,372,355,357,361,435,435,511,509,583,558,780,771,852,780,708,0,403,358,348,0,0,0,0,0,8,8,562,547,467,8,8,8,8,8,8,8,8,9,14,0,0,0,8,0,8]} 1. e4 e5 2. Nf3 Nf6 3. Nc3 Nc6 4. Bb5 d6 5. d4 exd4 6. Qxd4 Bd7 {C62: Ruy Lopez: Steinitz Defence.} 7. Qd3 Be7 8. Bf4 O-O 9. O-O-O a6 10. Bxc6 {[#]} bxc6 $146 ({Predecessor:} 10... Bxc6 11. Nd4 Bd7 12. Nf5 Bxf5 13. exf5 Nd7 14. h4 Bf6 15. g4 Bxc3 16. Qxc3 Re8 {0-1 (23) Lekic,L (1739)-Hetzer,V (2086) Rijeka 2010}) 11. Nd4 Ng4 12. Qd2 Rb8 13. h3 Nf6 ({Black should try} 13... Ne5 $1 $11 14. Bxe5 dxe5) 14. g4 Ne8 ({Better is} 14... Qc8 $14) 15. f3 h6 16. Rdg1 Bg5 17. Bxg5 Qxg5 18. f4 Qe7 19. h4 g6 (19... c5 $16) 20. f5 $18 Kh7 21. Rf1 Nf6 22. Rf4 c5 23. Nf3 Bc6 24. Re1 Nd7 (24... Rbe8 $16 {was called for.}) 25. Nd5 Bxd5 26. exd5 Qf6 (26... Ne5 $142 27. g5 Rbe8) 27. fxg6+ Qxg6 28. Re7 Nf6 29. g5 ({Less strong is} 29. Rxc7 Nxg4 30. Ng5+ hxg5 $16) 29... Nh5 30. Rfe4 Kg8 31. gxh6 Rb4 (31... Nf6 {was worth a try.} 32. Ra4 a5 33. Rxc7 (33. Rxa5 Rb4 $16) 33... Rb4 34. Rxb4 (34. Rxa5 Rg4 $16) 34... axb4) 32. Rxb4 cxb4 33. Qg5 ({Much less strong is} 33. Qxb4 Qxh6+ 34. Qd2 Qxd2+ 35. Kxd2 Rc8 $18) 33... Kh7 34. Rxc7 Qxh6 35. Rd7 Qxg5+ 36. hxg5 {[%mdl 4096] Endgame KRN-KRN} Kg6 37. Rxd6+ Kf5 38. Rxa6 Ke4 39. Nd2+ Kxd5 40. Ra5+ Kc6 41. Rf5 Rg8 (41... Ng3 $142 42. Rf6+ Kd7) 42. Nf3 Kd6 43. Rxf7 Ke6 44. Rb7 Rf8 45. Nd4+ Kd5 46. Rxb4 Rf4 47. c3 Rf2 48. Rb5+ Kc4 49. Rb4+ $2 (49. a4 $18) 49... Kd3 $2 {[%mdl 8192]} (49... Kd5 $1 $11 {and Black is okay.} 50. a4 Nf4) 50. b3 Nf4 {intending ...Nd5.} 51. Kb1 $2 ({White should play} 51. Ra4 $18) 51... Nd5 $11 52. Nb5 {[#] Rd4+ is the strong threat.} Nxb4 53. cxb4 {KR-KN} Rg2 54. a4 {And now a5 would win.} Rxg5 $2 {[%mdl 8192]} (54... Rg4 $1 $11 {and Black stays safe.}) 55. Kb2 $18 Ke4 56. Nd6+ $2 (56. Nc7 $18 {Threatens to win with b5.} Ke5 57. Na6) 56... Kd5 $1 $11 {[%cal Rd5d6] The position is equal.} 57. Nc4 Rg1 58. Kc3 {Strongly threatening b5.} Rg3+ 59. Kc2 Rg2+ 60. Kd3 Rg3+ 61. Kc2 Rg2+ 62. Kd3 {[#] Threatening mate with Ne3+.} Rg3+ 63. Kc2 Rg2+ {Accuracy: White = 72%, Black = 55%.} 1/2-1/2

[Event "72nd MNE-ch 2020"]
[Site "Podgorica"]
[Date "2020.09.14"]
[Round "6"]
[White "Nikac, Predrag"]
[Black "Blagojevic, Dragisa"]
[Result "0-1"]
[WhiteElo "2312"]
[BlackElo "2492"]
[PlyCount "122"]
[EventDate "2020.09.11"]
[EventType "swiss"]
[EventRounds "9"]
[EventCountry "MNE"]
[TimeControl "5400+30"]

1. e4 e5 2. Nf3 Nc6 3. Bc4 Nf6 4. d3 Be7 5. O-O O-O 6. Re1 d6 7. a4 Bg4 8. Nbd2 Nd4 9. h3 Bh5 10. c3 Nxf3+ 11. Nxf3 Qd7 12. a5 a6 13. Qa4 c6 14. Nh2 Rfe8 15. Ba2 Bg6 16. Nf1 Bd8 17. Ng3 h6 18. Be3 d5 19. Bc5 Be7 20. Bb6 Bd8 21. Bc5 Bc7 22. Rad1 Rad8 23. Bb3 Qc8 24. Qb4 Qb8 25. Ba4 Rd7 26. Bb6 Red8 27. Bb3 Bxb6 28. axb6 dxe4 29. dxe4 Rxd1 30. Rxd1 Rxd1+ 31. Bxd1 Qf8 32. Qc4 Nd7 33. h4 Nxb6 34. Qb3 Qd8 35. h5 Bh7 36. Bg4 Qc7 37. Qd1 Nc4 38. Qe2 Nd6 39. Qd3 Kf8 40. c4 c5 41. Qd5 Ne8 42. Bh3 Nf6 43. Qd3 Ke8 44. f3 b6 45. Qa3 Qb7 46. Qc3 Qc7 47. Qa3 a5 48. Qa4+ Kf8 49. Qb5 Bg8 50. Qa6 g6 51. hxg6 fxg6 52. Ne2 Nh5 53. Nc3 Nf4 54. Kh2 Qd8 55. Nd5 Bxd5 56. exd5 Ne2 57. g3 h5 58. Qb7 Qg5 59. g4 Qe3 60. Qb8+ Kg7 61. Qc7+ Kh6 0-1

[Event "72nd MNE-ch 2020"]
[Site "Podgorica"]
[Date "2020.09.14"]
[Round "6"]
[White "Sukovic, Andrej"]
[Black "Alivodic, Dario"]
[Result "1/2-1/2"]
[WhiteElo "2261"]
[BlackElo "2103"]
[PlyCount "95"]
[EventDate "2020.09.11"]
[EventType "swiss"]
[EventRounds "9"]
[EventCountry "MNE"]
[TimeControl "5400+30"]

1. c4 e6 2. g3 d5 3. Bg2 c5 4. Nf3 d4 5. e3 Nc6 6. exd4 cxd4 7. O-O Nf6 8. d3 Nd7 9. Nbd2 Be7 10. Rb1 a5 11. Re1 O-O 12. Nb3 e5 13. Na1 Qc7 14. Nc2 Nc5 15. a3 Bf5 16. Bf1 Rfd8 17. b4 axb4 18. Nxb4 Nxb4 19. Rxb4 e4 20. Bf4 Qc8 21. Rb5 Rxa3 22. Ng5 Nxd3 23. Bxd3 Rxd3 24. Qb1 Bxg5 25. Bxg5 f6 26. Bf4 Rf3 27. Rxe4 Bxe4 28. Qxe4 Ra3 29. Rxb7 Qh3 30. Rb1 Ra6 31. c5 Qe6 32. Qd3 Ra7 33. Rc1 Qc6 34. Qb3+ Kh8 35. Qb6 Qxb6 36. cxb6 Rb7 37. Bc7 Rd7 38. Rd1 Kg8 39. Kg2 Kf7 40. Kf3 f5 41. Ke2 Ke6 42. Rc1 d3+ 43. Kd2 Rd5 44. Rc3 Kd7 45. Rxd3 Rxd3+ 46. Kxd3 Rxc7 47. bxc7 Kxc7 48. Kd4 1/2-1/2

[Event "72nd MNE-ch 2020"]
[Site "Podgorica"]
[Date "2020.09.14"]
[Round "6"]
[White "Popadic, Dragan"]
[Black "Kandic, Milojko"]
[Result "1/2-1/2"]
[WhiteElo "2171"]
[BlackElo "1961"]
[PlyCount "41"]
[EventDate "2020.09.11"]
[EventType "swiss"]
[EventRounds "9"]
[EventCountry "MNE"]
[TimeControl "5400+30"]

1. e4 d5 2. exd5 Nf6 3. d4 Nxd5 4. Nf3 g6 5. h3 Bg7 6. Bc4 O-O 7. O-O h6 8. c3 e6 9. Nbd2 Nd7 10. Re1 c5 11. Bxd5 exd5 12. dxc5 Nxc5 13. Nb3 Na4 14. Nbd4 Nb6 15. b3 Re8 16. Ba3 Bd7 17. Qd2 Qc7 18. Rxe8+ Rxe8 19. Re1 Re4 20. Re3 Qf4 21. g3 1/2-1/2

[Event "72nd MNE-ch 2020"]
[Site "Podgorica"]
[Date "2020.09.14"]
[Round "6"]
[White "Pobor, Milo"]
[Black "Djurovic, Peko"]
[Result "1/2-1/2"]
[WhiteElo "2143"]
[BlackElo "2003"]
[PlyCount "43"]
[EventDate "2020.09.11"]
[EventType "swiss"]
[EventRounds "9"]
[EventCountry "MNE"]
[TimeControl "5400+30"]

1. e4 c5 2. Nf3 Nc6 3. d4 cxd4 4. Nxd4 Nf6 5. Nc3 e5 6. Ndb5 d6 7. Bg5 a6 8. Bxf6 gxf6 9. Na3 b5 10. Nd5 Bg7 11. Bd3 Ne7 12. Nxe7 Qxe7 13. O-O O-O 14. Qh5 d5 15. Rae1 f5 16. exf5 e4 17. f6 Qxf6 18. Qxd5 exd3 19. Qxa8 Qxb2 20. Nb1 dxc2 21. Nd2 Bc3 22. Qd5 1/2-1/2

[Event "72nd MNE-ch 2020"]
[Site "Podgorica"]
[Date "2020.09.14"]
[Round "6"]
[White "Lazarevic, Zoran V"]
[Black "Petrovic, Slavko"]
[Result "1-0"]
[WhiteElo "2132"]
[BlackElo "1909"]
[PlyCount "159"]
[EventDate "2020.09.11"]
[EventType "swiss"]
[EventRounds "9"]
[EventCountry "MNE"]
[TimeControl "5400+30"]

1. c4 c5 2. Nc3 Nc6 3. g3 g6 4. Bg2 Bg7 5. e3 d6 6. Nge2 Nf6 7. O-O O-O 8. b3 Rb8 9. h3 Bf5 10. d3 Nb4 11. e4 Bd7 12. d4 cxd4 13. Nxd4 Qc8 14. Kh2 Nc6 15. Be3 a6 16. Rc1 Qd8 17. Qd2 Nxd4 18. Bxd4 Bc6 19. Nd5 Bxd5 20. exd5 Nd7 21. Rfe1 Bxd4 22. Qxd4 Re8 23. Re2 a5 24. Rce1 b6 25. Qh4 Nf6 26. a4 Kg7 27. Qd4 Kg8 28. f4 Nd7 29. g4 Nc5 30. Qc3 Qd7 31. Bf3 Rb7 32. h4 Qd8 33. g5 Qc8 34. Kg3 Qd8 35. h5 Rf8 36. hxg6 fxg6 37. Rh1 Rf7 38. Rh4 Qf8 39. Qe3 Rg7 40. Bg4 Qf7 41. Rf2 Rb8 42. f5 Rf8 43. f6 exf6 44. gxf6 g5 45. Rhh2 Re8 46. Qd4 Rg6 47. Bf5 Qxf6 48. Be6+ Nxe6 49. Qxf6 Rxf6 50. Rxf6 Nc5 51. Kg4 Re4+ 52. Kxg5 Re3 53. Kh6 Rg3 54. Rxd6 Rxb3 55. Rf6 Rg3 56. Rxb6 Nxa4 57. Rb8+ Kf7 58. Rf2+ Ke7 59. Kxh7 Rc3 60. Rf4 Nc5 61. Rb5 Nb3 62. Re4+ Kd7 63. Rb7+ Kd8 64. Rg4 Rh3+ 65. Kg7 a4 66. Ra7 Nc5 67. Ra5 Nb7 68. Rxa4 Kc7 69. Kf6 Nc5 70. Rg7+ Kd6 71. Rb4 Rf3+ 72. Kg6 Nd7 73. Kh5 Nf6+ 74. Kg6 Nd7 75. Rb7 Ne5+ 76. Kh7 Nxc4 77. Rg6+ Kxd5 78. Rb5+ Kd4 79. Rg4+ Kc3 80. Rc5 1-0

[Event "72nd MNE-ch 2020"]
[Site "Podgorica"]
[Date "2020.09.14"]
[Round "6"]
[White "Krstonijevic, Stjepan"]
[Black "Miletic, Vuk"]
[Result "1-0"]
[WhiteElo "2098"]
[BlackElo "2159"]
[PlyCount "90"]
[EventDate "2020.09.11"]
[EventType "swiss"]
[EventRounds "9"]
[EventCountry "MNE"]
[TimeControl "5400+30"]

1. e4 c5 2. Nf3 Nc6 3. Bb5 g6 4. O-O Bg7 5. Nc3 e5 6. a4 Nge7 7. d3 O-O 8. Bg5 h6 9. Bxe7 Nxe7 10. Bc4 d6 11. Nd5 Kh7 12. Nxe7 Qxe7 13. a5 f5 14. Nd2 f4 15. f3 h5 16. Bd5 Rb8 17. Qe1 g5 18. h3 Bf6 19. g4 fxg3 20. Qxg3 Bg7 21. Kf2 Rf4 22. Ke2 Qf6 23. Rh1 Bd7 24. Nc4 Rf8 25. Raf1 Bc8 26. Ne3 Kh8 27. Ng2 Qe7 28. Nxf4 exf4 29. Qg2 Bxb2 30. Rb1 Bf6 31. Rb3 Qd7 32. Qg1 Re8 33. Qc1 Bd4 34. c3 Bg7 35. h4 g4 36. Qxf4 Rf8 37. Qg5 gxf3+ 38. Kf2 Qe8 39. Rg1 Bg4 40. Rxb7 Qe5 41. Qxe5 Bxe5 42. Rb3 Bh3 43. Rg6 Bf6 44. Rb7 Bxh4+ 45. Ke3 Bg4 1-0

[Event "72nd MNE-ch 2020"]
[Site "Podgorica"]
[Date "2020.09.14"]
[Round "6"]
[White "Vujovic, Savo"]
[Black "Milovic, Aleksandra"]
[Result "0-1"]
[WhiteElo "2082"]
[BlackElo "2198"]
[PlyCount "60"]
[EventDate "2020.09.11"]
[EventType "swiss"]
[EventRounds "9"]
[EventCountry "MNE"]
[TimeControl "5400+30"]

1. e4 c5 2. Nf3 e6 3. d4 cxd4 4. Nxd4 Nf6 5. Nc3 d6 6. g4 Nc6 7. g5 Nd7 8. h4 a6 9. Be3 Qc7 10. Qe2 b5 11. a3 Bb7 12. f4 O-O-O 13. Rh3 Nc5 14. b4 Nxd4 15. Bxd4 e5 16. bxc5 exd4 17. c6 Bxc6 18. Nd5 Bxd5 19. exd5 g6 20. O-O-O Bg7 21. a4 Rhe8 22. Qd2 Re3 23. Rxe3 dxe3 24. Qxe3 Kb8 25. axb5 Rc8 26. Qb3 Qb6 27. Bc4 a5 28. Qd3 Qc5 29. Bb3 Bc3 30. Rf1 a4 0-1

[Event "72nd MNE-ch 2020"]
[Site "Podgorica"]
[Date "2020.09.14"]
[Round "6"]
[White "Pobor, Danilo"]
[Black "Karisik, Nenad"]
[Result "0-1"]
[WhiteElo "2059"]
[BlackElo "2106"]
[PlyCount "128"]
[EventDate "2020.09.11"]
[EventType "swiss"]
[EventRounds "9"]
[EventCountry "MNE"]
[TimeControl "5400+30"]

1. d4 Nf6 2. Nf3 g6 3. c4 Bg7 4. Nc3 O-O 5. e4 d6 6. Be2 e5 7. Be3 Ng4 8. Bg5 f6 9. Bh4 Qe8 10. h3 Nh6 11. d5 a5 12. Nd2 Na6 13. a3 Bd7 14. b3 g5 15. Bg3 f5 16. f3 g4 17. hxg4 fxg4 18. Qc2 Qg6 19. Bf2 g3 20. Be3 Rf4 21. b4 axb4 22. axb4 Rc8 23. c5 Nxb4 24. Qb3 dxc5 25. Bxc5 Na6 26. Be3 Nf7 27. Qxb7 Nb8 28. Ra8 Nd6 29. Qb3 Rff8 30. Ba7 Qe8 31. Bxb8 Rxb8 32. Rxb8 Qxb8 33. Qxb8 Rxb8 34. Bd3 Ra8 35. Ke2 Ra3 36. Ncb1 Ra1 37. Rc1 Nb5 38. Nb3 Ra7 39. Rc5 Rb7 40. N1d2 Bf8 41. Rc1 Ra7 42. Bc4 Kg7 43. Ra1 Nd4+ 44. Kf1 Rxa1+ 45. Nxa1 Bc5 46. Nab3 Nxb3 47. Nxb3 Bb6 48. Ke1 Kf6 49. Kd2 h5 50. Bf1 h4 51. Nc1 Kg5 52. Nd3 Bb5 53. Ke2 Ba5 54. f4+ exf4 55. Kf3 Bd2 56. e5 Kf5 57. d6 cxd6 58. exd6 Be8 59. Nxf4 Bxf4 60. Bd3+ Kg5 61. Bf1 Bc6+ 62. Ke2 Bxd6 63. Ke3 Bc5+ 64. Kd2 Kf4 0-1